Stranger Things Characters - Logic Puzzle - Statistics

General Stats
  • This quiz has been taken 564 times
  • The average score is 3 of 25
Answer Stats
A-B-C-D-E % Correct
Joyce - The Columns from left to right are A, B, C, D, and E. Each letter stands for a different trait that every character within the column has (others in different columns can still have the trait). The rows from top to bottom are 1, 2, 3, 4, and 5. With the exception of row 5, every character within a row was first introduced in the season with the same number as the row. The main villain is in this column.
99%
Vecna - Column "E" stands for evil, and the man who kidnapped me is in that column. The girl I practically raised is in the same row as him, and it's not row 5.
37%
Eleven - My boyfriend is in the same row as I am. The girl who bullied me in season 4 is in column E.
24%
Brenner - The boy who's death I faked is in column C. Eleven is in column B.
22%
Mike - Column "C" stands for "Children" (for the sake of this quiz, everybody around the same age as Nancy, Jonathan, etc. is considered BOTH an adult AND a child). Both Will and Dustin are in row 5.
15%
Angela - Heather is in column D.
13%
Heather - Mike and Will are both in the same column.
11%
Will - Lucas is not in this quiz, but his sister is in the same column as I am. My mother's former boyfriend is in column D.
11%
Billy - The only Russian in this quiz that is not in this column is in column B.
9%
Bob - Column "D" stands for "Dead". The only girl in row five is in this column.
9%
Chrissy - Argyle is in column C. Nancy is not in this quiz, but her best friend in season 1 is.
9%
Erica - My brother's girlfriend is in column B.
9%
Max - The girl I tried to help in season 4 is in D5. My stepbrother is in column E.
9%
Murray - Column "A" stands for "Adults".
9%
Argyle - Dustin is in column B.
8%
Dustin - Column "B" is tricky. It stands for "Bloody". All characters in column B have had their blood shown at least once on screen. The characters in B3 and B4 are both dead.
8%
Hopper - E5 was introduced in season 4, but wasn't that important until season 5.
8%
Alexei - The American I bonded with is in column A. The guy who got me a smoothie is in row 5.
7%
Barb - Nancy and Jonathan's boss in season 3 is in column A.
7%
Tom
6%
Eddie - Hopper is in column A. E3 killed B3.
5%
Grigori
4%
Jason
2%
Robin - The guy who tried to kill B4 is in D4
2%
Andy - E3 killed B3
1%
No matching quizzes found
Score Distribution
Percent of People with Each Score
Percentile by Number Answered
Your Score History
You have not taken this quiz